• 首页
  • 本馆介绍
  • 公告通知
  • 最新文献
  • 馆藏检索
  • 电子资源
  • 读者导购
  • 参考咨询
  • 我的图书馆
  • 登录
  • 详细信息显示
  • 放入我的书架
  • 预约/预借图书
  • 作者相关作品
  • 分类相关作品
  • 丛书相关作品
  • 出版社相关作品

书目信息

  • 表格格式
  • 工作单格式
  • 卡片格式
题名:
普通语言学概要
    
 
作者: 伍铁平 主编 ;叶蜚声 编著
分册:  
出版信息: 北京   高等教育出版社  1993.5
页数: 283页
开本: 20cm
丛书名:
单 册:
中图分类: H0
科图分类:
主题词: 语言学--高等学校--教材
电子资源:
ISBN: 7-04-004058-1
000 00791nam0 2200265 45
001 0193030965
005 20070724083549.50
010    @a7-04-004058-1@dCNY9.20
100    @a19930720d1993 em y0chiy0121 ea
101 0  @achi
102    @aCN@b110000
105    @ay z 000yy
200 10 @a普通语言学概要@APU TONG YU YAN XUE GAI YAO@f伍铁平主编@FWU TIE PING ZHU BIAN@g叶蜚声等编著
210    @a北京@c高等教育出版社@d1993.5
215    @a283页@d20cm
300    @a高等学校文科教学用书
314    @a叶蜚声,北京大学教授
314    @a伍铁平,北京师范大学教授
540 1  @a语言学@AYU YAN XUE
606    @a语言学@x高等学校@x教材
690    @aH0@v三版
701  0 @a伍铁平@AWU TIE PING@4主编
702  0 @a叶蜚声@AYE FEI SHENG@4编著
801  0 @aCN@bTSSF@c20070724
905    @a10447@dH0@e137
    
    普通语言学概要/伍铁平主编/叶蜚声等编著.-北京:高等教育出版社,1993.5
    283页;20cm
    高等学校文科教学用书
    
    ISBN 7-04-004058-1:CNY9.20
    
●
相关链接 在E读中查询图书 在五车中查询图书 在当当中查询图书 在豆瓣中查询图书


正题名:普通语言学概要     索取号:H0/137         预约/预借

序号 登录号 条形码 馆藏地/架位号 状态 备注
1 0499573   204995737   密集书库/ [索取号:H0/137] 在馆    
2 0629380   206293802   密集书库/ [索取号:H0/137] 在馆    
3 0629381   206293811   密集书库/ [索取号:H0/137] 在馆    
4 0629382   206293820   密集书库/ [索取号:H0/137] 在馆    
5 0629383   206293839   密集书库/ [索取号:H0/137] 在馆    
6 0629384   206293848   密集书库/ [索取号:H0/137] 在馆    
7 0629385   206293857   密集书库/ [索取号:H0/137] 在馆    
8 0629386   206293866   密集书库/ [索取号:H0/137] 在馆    
9 0629387   206293875   密集书库/ [索取号:H0/137] 在馆    
10 0629388   206293884   密集书库/ [索取号:H0/137] 在馆    
11 0629389   206293893   密集书库/ [索取号:H0/137] 在馆    
12 0629390   206293900   密集书库/ [索取号:H0/137] 在馆    
13 0629391   206293919   密集书库/ [索取号:H0/137] 在馆    
14 0629392   206293928   密集书库/ [索取号:H0/137] 在馆    
15 0629393   206293937   密集书库/ [索取号:H0/137] 在馆    
16 0629394   206293946   密集书库/ [索取号:H0/137] 在馆    
17 0629395   206293955   密集书库/ [索取号:H0/137] 在馆    
18 0629396   206293964   密集书库/ [索取号:H0/137] 在馆    
19 0629397   206293973   密集书库/ [索取号:H0/137] 在馆    
20 0629398   206293982   密集书库/ [索取号:H0/137] 在馆    
21 0629399   206293991   密集书库/ [索取号:H0/137] 在馆    
22 0629400   206294008   密集书库/ [索取号:H0/137] 在馆    
23 0629401   206294017   密集书库/ [索取号:H0/137] 在馆    
24 0629402   206294026   密集书库/ [索取号:H0/137] 在馆    
25 0629403   206294035   密集书库/ [索取号:H0/137] 在馆    
26 0629404   206294044   密集书库/ [索取号:H0/137] 在馆    
27 0629405   206294053   密集书库/ [索取号:H0/137] 在馆    
28 0629406   206294062   密集书库/ [索取号:H0/137] 在馆    
29 0629407   206294071   密集书库/ [索取号:H0/137] 在馆    
30 0629408   206294080   密集书库/ [索取号:H0/137] 在馆    
31 0629409   206294099   密集书库/ [索取号:H0/137] 在馆    
32 0629410   206294106   密集书库/ [索取号:H0/137] 在馆    
33 0629411   206294115   第四借阅区/ [索取号:H0/137] 在馆    
34 0629412   206294124   密集书库/ [索取号:H0/137] 在馆    
35 0629413   206294133   密集书库/ [索取号:H0/137] 在馆    
36 0629414   206294142   密集书库/ [索取号:H0/137] 在馆    
37 0629415   206294151   密集书库/ [索取号:H0/137] 在馆    
38 0629416   206294160   密集书库/ [索取号:H0/137] 在馆    
39 0629417   206294179   密集书库/ [索取号:H0/137] 在馆    
40 0629418   206294188   密集书库/ [索取号:H0/137] 在馆    
41 0629419   206294197   密集书库/ [索取号:H0/137] 在馆    
42 0629420   206294204   密集书库/ [索取号:H0/137] 在馆    
43 0629421   206294213   密集书库/ [索取号:H0/137] 在馆    
44 0629422   206294222   密集书库/ [索取号:H0/137] 在馆    
45 0629423   206294231   密集书库/ [索取号:H0/137] 在馆    
46 0629424   206294240   密集书库/ [索取号:H0/137] 在馆    
47 0637436   206374369   第二样本阅览室/ [索取号:H0/137] 在馆    
48 0637437   206374378   密集书库/ [索取号:H0/137] 在馆    
49 0637438   206374387   密集书库/ [索取号:H0/137] 在馆    
50 0672824   206728246   库房3/ [索取号:H0/137] 在馆    
51 0782367   207823676   密集书库/ [索取号:H0/137] 在馆    
52 0782784   207827841   密集书库/ [索取号:H0/137] 在馆    
唐山师范学院图书馆 欢迎您!
大连网信软件有限公司© 版权所有